Lataa...

Current Science, Vol.96(11)Jun 2009

Bibliografiset tiedot
Aineistotyyppi: Printed Book
LEADER 00393nam a2200193 4500
020
082
100
245 |a Current Science, Vol.96(11)Jun 2009 
250
260
300
490
500
590 |a Priya  |b 2011-04-27 13:59:18 
650
942 |c BK 
999 |c 101161  |d 101161 
952 |0 0  |1 0  |4 0  |7 0  |9 114629  |a AQU  |b AQU  |l 0  |p AQUK00279  |r 2019-09-25  |w 2019-09-25  |y BK